El fantasma rapero / (Record no. 186871)

MARC details
000 -LEADER
campo de control de longitud fija 00902nam a2200241 i 4500
001 - NÚMERO DE CONTROL
campo de control 186871
003 - IDENTIFICADOR DE NÚMERO DE CONTROL
campo de control SpMaBN
005 - FECHA Y HORA DE LA ÚLTIMA TRANSACCIÓN
campo de control 20250825062636.0
008 - DATOS DE LONGITUD FIJA--INFORMACIÓN GENERAL
campo de control de longitud fija 170223s2012 sp a |||| | spa d
020 ## - NÚMERO INTERNACIONAL ESTÁNDAR DEL LIBRO
Número Internacional Estándar del Libro 978-84-9755-149-6
080 ## - NÚMERO DE LA CLASIFICACIÓN DECIMAL UNIVERSAL
Número de la Clasificación Decimal Universal 087.5:82
100 1# - ENTRADA PRINCIPAL--NOMBRE DE PERSONA
Nombre de persona Fernández Saínza, Víctor.
9 (RLIN) 161865
245 13 - MENCIÓN DEL TÍTULO
Título El fantasma rapero /
Mención de responsabilidad, etc. Víctor Fernández Saínza ; [ilustraciones, José López de Atalaya Díez (Tripinks), ilustraciones de "El agente de policía", Víctor Fernández Saínza].
260 ## - PUBLICACIÓN, DISTRIBUCIÓN, ETC.
Lugar de publicación, distribución, etc. Madrid :
Nombre del editor, distribuidor, etc. Asociación Argadini :
-- Grupo Cero,
Fecha de publicación, distribución, etc. [2012]
300 ## - DESCRIPCIÓN FÍSICA
Extensión 54 p. :
Otras características físicas il. col. ;
Dimensiones 21 cm.
490 1# - MENCIÓN DE SERIE
Mención de serie Colección Argadini
650 #4 - PUNTO DE ACCESO ADICIONAL DE MATERIA--TÉRMINO DE MATERIA
Término de materia o nombre geográfico como elemento de entrada Poesías-
Subdivisión de forma Libros infantiles.
9 (RLIN) 142901
655 #7 - TERMINO DE INDIZACIÓN--GENERO/FORMA
Datos o término principal de género/forma Libros infantiles
Fuente del término tgfbne
9 (RLIN) 226786
710 2# - ENTRADA AGREGADA--NOMBRE DE ENTIDAD CORPORATIVA
Nombre de entidad corporativa o nombre de jurisdicción como elemento de entrada Asociación Argadini.
9 (RLIN) 161868
830 0# - PUNTO DE ACCESO ADICIONAL DE SERIE-TÍTULO UNIFORME
Título uniforme Colección Argadini
9 (RLIN) 192644
852 ## - LOCALIZACIÓN
Ubicación ES-MaACL
Número de control de estantería 2335-F-16
Holdings
Estatus retirado Estado de pérdida Estado de daño No para préstamo Colección Biblioteca de origen Biblioteca actual Ubicación en estantería Fecha de adquisición Fuente de adquisición Total de préstamos Signatura topográfica completa Código de barras Visto por última vez Precio de reemplazo Tipo de ítem Koha
        Colección de folletos Biblioteca del Ateneo de Madrid Biblioteca del Ateneo de Madrid Depósito folletos 23/02/2017     2335-F-16 1197111 23/02/2023 23/02/2023 Folleto